عرض عادي
عرض مارك
- تلوث البيئة.
مدخل مصطلح موضوعي
001 - رقم الضبط
- حقل الضبط: 91792
003 - معرف رقم الضبط
- حقل الضبط: OSt
005 - تاريخ ووقت أخر عملية
- حقل الضبط: 20220621095828.0
008 - عناصر بيانات ثابتة الطول
- حقل تحكم ثابت الطول: 220621|| aca||aabn | a|a d
040 ## - مصدر الفهرسة
- هيئة الفهرسة الأصلية: OSt
- وكالة الكتابة: OSt
150 ## - مدخل-- مصطلح تاريخي
- عنصر مدخل المصطلح الموضوعي او الاسم الجغرافي: تلوث البيئة.
670 ## - بيانات المصدر موجوده
- الاستشهاد بالمصدر: Work cat.: (OSt): أرسلان، ليلى خورشيد. 91791, الكيمياء البيئية والتلوث البيئي = Environmental Chemistry and Environmental pollution /, 2016
